000 00412nam a22001817a 4500
003 MPLRDC
005 20220104173803.0
008 210129b ||||| |||| 00| 0 eng d
020 _a0-00-171309-4
082 _a859.6 SUES
100 _aDR. SEUSS
245 _aHOP ON POP
_c
250 _a初版
260 _a
_bCOLLINS
_c1963
300 _b
650 _aCHILDREN LITERATURE
942 _cBK
_o859.6 SUES
999 _c59572
_d59562